Régimen de concursos y quiebras : Ley 24.522 /
Guardado en:
| Otros Autores: | |
|---|---|
| Formato: | Desconocido |
| Idioma: | Spanish |
| Publicado: |
Buenos Aires :
Astrea,
2003
|
| Edición: | 12º ed. act. y amp. |
| Series: | Textos Legales Astrea
|
| Etiquetas: |
Agregar Etiqueta
Sin Etiquetas, Sea el primero en etiquetar este registro!
|
| LEADER | 00532nac a22001575a 4500 | ||
|---|---|---|---|
| 001 | DER.der000668 | ||
| 005 | 20050805000000.0 | ||
| 008 | 180615s2003####||||||||||||||||||||spa|| | ||
| 020 | |a 950-508-374-2 | ||
| 245 | 1 | 0 | |a Régimen de concursos y quiebras : |b Ley 24.522 / |c Revisado, ordenado y comentado por Adolfo A. N. Rouillón |
| 250 | |a 12º ed. act. y amp. | ||
| 260 | |a Buenos Aires : |b Astrea, |c 2003 | ||
| 300 | 0 | |a 503 p. | |
| 440 | 0 | |a Textos Legales Astrea | |
| 700 | 1 | |a Rouillón, Adolfo A. N. | |
| 859 | |a DERECHO |b BIB. DERECHO |h 346.078 |i ROU |p 001306 | ||
